Artes plásticas: sugerencias metodológicas

Guardado en:
Detalles Bibliográficos
Autores principales: Morales Montt, Olga (autora), Riquelme Riquelme, Aura (Autor)
Formato: Libro
Lenguaje:español
Publicado: Santiago Universitaria 1986
Colección:Colección El Sembrador
Materias:
Etiquetas: Agregar Etiqueta
Sin Etiquetas, Sea el primero en etiquetar este registro!

MARC

LEADER 00000nam a2200000 a 4500
001 UCW5678
003 CL-VaPUC
008 910723e19860000CL |||||||||||||||||spa|d
082 0 4 |a 372.52  |b MOR  |2 21 
100 |a Morales Montt, Olga  |e autora  |9 313027 
700 0 |a Riquelme Riquelme, Aura  |e author  |9 310646 
245 1 0 |a Artes plásticas: sugerencias metodológicas 
300 |a 159 p 
942 |c BK 
945 |d 19910723 00:00:00 
260 |a Santiago  |b Universitaria  |c 1986 
650 0 |a Arte   |v Enseñanza  |9 310647 
650 0 |a Aptitud creadora  |9 307292 
650 7 |a DIBUJO ENSEÑANZA  |2 CL-VaPUC  |9 310648 
583 |a last modification  |c 19910723 00:00:00  |k Rodrigo Vera 
490 0 |a Colección El Sembrador 
999 |c 219022  |d 219020 
952 |0 0  |1 0  |4 0  |6 372_520000000000000_MOR_1986  |7 0  |8 A  |9 209457  |a BIBEDU  |b BIBEDU  |d 2019-11-15  |i 2773406  |o 372.52 MOR 1986  |p 2773406  |r 2019-11-15  |w 2019-11-15  |y BK  |k EDU 
952 |0 0  |1 0  |4 0  |6 372_520000000000000_MOR_1986  |7 0  |8 A  |9 209458  |a BIBEDU  |b BIBEDU  |d 2019-11-15  |i 2773414  |o 372.52 MOR 1986  |p 2773414  |r 2019-11-15  |w 2019-11-15  |y BK  |k EDU